<?xml version="1.0" encoding="UTF-8"?>
<record
    xmlns:xsi="http://www.w3.org/2001/XMLSchema-instance"
    xsi:schemaLocation="http://www.loc.gov/MARC21/slim http://www.loc.gov/standards/marcxml/schema/MARC21slim.xsd"
    xmlns="http://www.loc.gov/MARC21/slim">

  <leader>00869cam a22002411  4500</leader>
  <controlfield tag="001">sa 66007719 </controlfield>
  <controlfield tag="003">DLC</controlfield>
  <controlfield tag="005">20260227112307.0</controlfield>
  <controlfield tag="008">831227s1965    ii            000 0 hin  </controlfield>
  <datafield tag="010" ind1=" " ind2=" ">
    <subfield code="a">sa 66007719 </subfield>
  </datafield>
  <datafield tag="035" ind1=" " ind2=" ">
    <subfield code="a">(OCoLC)21646982</subfield>
  </datafield>
  <datafield tag="040" ind1=" " ind2=" ">
    <subfield code="a">DLC</subfield>
    <subfield code="c">CU</subfield>
    <subfield code="d">DLC</subfield>
  </datafield>
  <datafield tag="042" ind1=" " ind2=" ">
    <subfield code="a">premarc</subfield>
  </datafield>
  <datafield tag="050" ind1="0" ind2="0">
    <subfield code="a">PK3659</subfield>
    <subfield code="b">.V9</subfield>
  </datafield>
  <datafield tag="100" ind1="1" ind2=" ">
    <subfield code="a">Vyas, Shantikumar Nanooram,</subfield>
    <subfield code="d">1921-</subfield>
  </datafield>
  <datafield tag="245" ind1="1" ind2="0">
    <subfield code="a">R&#x101;m&#x101;ya&#x1E47;ak&#x101;l&#x12B;na sa&#x1E43;sk&#x1E5B;ti.</subfield>
    <subfield code="b">V&#x101;lm&#x12B;ki-R&#x101;m&#x101;ya&#x1E47;a me&#x1E43; citrita &#x101;c&#x101;ravic&#x101;ra, kal&#x101;, s&#x101;hitya, vij?n&#x101;na, dharma aura dar&#x15B;ana k&#x101; adhyayana.</subfield>
    <subfield code="c">Lekhaka &#x15A;&#x101;ntikum&#x101;ra Nan&#x16B;r&#x101;ma Vy&#x101;sa</subfield>
  </datafield>
  <datafield tag="260" ind1=" " ind2=" ">
    <subfield code="a">Na&#x12B; Dill&#x12B;,</subfield>
    <subfield code="b">Sast&#x101; S&#x101;hitya Ma&#x1E47;&#x1E0D;ala,</subfield>
    <subfield code="c">1965</subfield>
  </datafield>
  <datafield tag="300" ind1=" " ind2=" ">
    <subfield code="a">7, 350 p.</subfield>
    <subfield code="b">illus., fold. map.</subfield>
    <subfield code="c">19 cm</subfield>
  </datafield>
  <datafield tag="500" ind1=" " ind2=" ">
    <subfield code="a">At head of title: Sats&#x101;hitya - Prak&#x101;&#x15B;ana</subfield>
  </datafield>
  <datafield tag="500" ind1=" " ind2=" ">
    <subfield code="a">In Hindi</subfield>
  </datafield>
  <datafield tag="504" ind1=" " ind2=" ">
    <subfield code="a">Bibliography: p. [328]-330</subfield>
  </datafield>
  <datafield tag="600" ind1="0" ind2="0">
    <subfield code="a">V&#x101;lm&#x12B;ki.</subfield>
    <subfield code="t">R&#x101;m&#x101;ya&#x1E47;a</subfield>
  </datafield>
  <datafield tag="999" ind1=" " ind2=" ">
    <subfield code="c">71364</subfield>
    <subfield code="d">71364</subfield>
  </datafield>
</record>
